| 000 | 00788nam a2200253Ia 4500 | ||
|---|---|---|---|
| 003 | OSt | ||
| 005 | 20220926004523.0 | ||
| 006 | a|||||r|||| 00| 0 | ||
| 007 | ta | ||
| 008 | 220923b |||||||| |||| 00| 0 eng d | ||
| 020 |
_a8170333547 _c845.75 |
||
| 037 |
_bOD00607121925A, 26/12/2011, WS RETAIL SERVICES PVT. LTD _cGeneral Book |
||
| 040 |
_aRTL _cRTL _beng |
||
| 041 |
_2eng _aeng |
||
| 082 | _aY, M8;N7 | ||
| 100 |
_aCollins Randall _921343 |
||
| 245 | 0 | _aTheoretical sociology | |
| 260 |
_a New Delhi _bRawat Publications _c1997 |
||
| 300 |
_ax,565p _ccm. |
||
| 500 | _aBibliography: P 519-44 | ||
| 650 | _aSociology | ||
| 942 |
_hY, M8;N7 _cGB _2CC |
||
| 999 |
_c611445 _d611445 |
||